Alle Stationen der S 2 (Berlin) - Statistiken

Allgemein
  • Dieses Quiz wurde 5 mal gespielt
  • Das Durchschnittsergebnis liegt bei 25 aus 28
Antwortstatistiken
Strecke Anschlüsse Station % Korrekt
Nord-Süd-S Bahn S1, S25, S26 Anhalter Bahnhof
100%
Stettiner Bahn Regional-, Fernverkehr Bernau (b Berlin)
100%
Nordbahn S1, S25, S26, S8, S85, Tram Bornholmer Straße
100%
Nord-Süd-S Bahn S1, S25, S26, U5 Brandenburger Tor
100%
Nord-Süd-S Bahn S1, S25, S26, S3, S5, S7, S9, Regionalverkehr, Tram Friedrichstraße
100%
Nordbahn S1, S25, S26, S41, S42, U8, Regional-, Fernverkehr Gesundbrunnen
100%
Stettiner Bahn S1, S25, S26 Humboldthain
100%
Nord-Süd-S Bahn S1, S25, S26, Tram Nordbahnhof
100%
Nord-Süd-S Bahn S1, S25, S26, Tram Oranienburger Straße
100%
Stettiner Bahn Pankow
100%
Nord-Süd-S Bahn S1, S25, S26, U2, Regionalverkehr Potsdamer Platz
100%
Anhalter Vorortbahn S25, S26 Priesterweg
100%
Anhalter Vorortbahn S25, S26, S41, S42, S45, S46, Regional-, Fernverkehr Südkreuz
100%
Dresdner Vorortbahn Attilastraße
80%
Stettiner Bahn Bernau-Friedenstal
80%
Stettiner Bahn Blankenburg
80%
Dresdner Vorortbahn Regionalverkehr Blankenfelde (Kr Teltow-Fläming)
80%
Stettiner Bahn Buch
80%
Dresdner Vorortbahn Buckower Chaussee
80%
Stettiner Bahn Regionalverkehr Karow
80%
Dresdner Vorortbahn Lichtenrade
80%
Dresdner Vorortbahn Mahlow
80%
Dresdner Vorortbahn Marienfelde
80%
Stettiner Bahn Pankow-Heinersdorf
80%
Dresdner Vorortbahn Schichauweg
80%
Anhalter Vorortbahn S1, S25, S26, U7 Yorckstraße
80%
Stettiner Bahn Zepernick
80%
Stettiner Bahn Röntgental
60%
Keine übereinstimmenden Quizze gefunden
Verteilung der Resultate
Anzahl Personen mit jedem Resultat
Perzentil nach korrekt beantworteten Fragen
Ihre Resultats-Entwicklung
Sie haben dieses Quiz noch nicht gespielt